000 01062nam a22003257a 4500
003 CHAP
005 20220329134618.0
008 971013s1980 r 00010 d
010 _a23005
011 _a23977
035 _a28074
040 _cCHAP
082 _a338.17521
_bD8
100 0 0 _aDurr, Georg.
_934734
245 _aPotato production and utilization in Kenya
260 _aLima :
_bCentro Internacional de la Papa,
_c1980
300 _a133 p.
_b: ilus.
590 _aBATCH-UPD
_b10
_c20130110
_lUCH01
_h0258
590 _aBATCH-UPD
_b10
_c20130110
_lUCH01
_h2150
590 _aBATCH-UPD
_b10
_c20130410
_lUCH01
_h1458
590 _aBATCH-UPD
_b10
_c20130914
_lUCH01
_h1619
590 _aCONVERSION
_b10
_c20130109
_lUCH01
_h1313
650 1 4 _aPapa
_xAspectos económicos
_xKenya.
_985177
650 1 4 _aPapa
_xKenia.
_985257
700 0 _aLorenzl, G.
_968537
901 _aBK
942 _cLIBRO
949 _a338.17521 D8
_bBC
_cLIBRO
_d33724000155248
_eLIBRO
_h50889
_i28074
_si
949 _a338.17521 D8
_bBC
_cLIBRO
_d33724000155511
_eLIBRO
_fc.2
_h73370
_i28074
_si
999 _c23005
_d23005